000 00426nmm a2200157Ia 4500
008 251105s9999||||xx |||||||||||||||||und||
020 _a9788431550493
041 _aspa
100 _aEscobedo, J.C.
245 0 _aEnciclopedia de la mitología
264 _a[Madrid, España] :
_bDe Vecchi,
_c2000
300 _a96 páginas
650 _aMythology
856 _uhttps://public.digitaliapublishing.com/a/31256
942 _cCF
999 _c81621
_d81621